| 000 | 00427nam a2200133 a 4500 | ||
|---|---|---|---|
| 001 | 5511 | ||
| 003 | CDMR | ||
| 005 | 20130116135309.0 | ||
| 008 | 130130s1988||||||||||||||||||||||||||||d | ||
| 040 |
_aCDMR _bcat _cCDMR |
||
| 245 | 0 |
_aReforma de las enseñanzas universitarias. Título _bLicenciado en Publicidad y Relaciones Publicas |
|
| 260 |
_aMadrid _c1988 _bMinisterio de Educación y Ciencia. Consejo de Universidades |
||
| 942 | _cMON | ||
| 999 |
_c5511 _d5511 |
||